| 000 | 00719nam a2200265 a 4500 | ||
|---|---|---|---|
| 001 | 31506 | ||
| 003 | AR-BaAGN | ||
| 005 | 20231116150547.0 | ||
| 007 | ta | ||
| 008 | 220625s2004 ag |||||r|||| ||||||spa d | ||
| 020 | _a987-1074-18-2 | ||
| 040 |
_dAR-BaAGN _aAR-BaAGN _bspa _eaacr |
||
| 245 | 0 | 0 |
_aNombres del pensamiento social : _bmiradas contemporáneas sobre el mundo que viene |
| 250 | _a1ª ed. | ||
| 260 |
_aBuenos Aires : _bDel Signo, _c2004. |
||
| 300 | _a256 páginas | ||
| 336 |
_2rdacontent _btxt |
||
| 337 |
_2rdamedia _bn |
||
| 338 |
_2rdacarrier _bnc |
||
| 650 | 4 |
_aCIENCIAS SOCIALES _91491 |
|
| 650 | 4 |
_aFILOSOFÍA _91702 |
|
| 700 | 1 |
_aFernández, Marta _ecom |
|
| 942 | _cLIBRO | ||
| 999 |
_c31506 _d31506 |
||